[Event "URS-chT Cup 11th 1st league"]
[Site "Jurmala"]
[Date "1980.05.??"]
[Round "4.1"]
[White "Sveshnikov, Evgeny"]
[Black "Nei, Iivo"]
[Result "1-0"]
[WhiteElo "2520"]
[BlackElo "2400"]
[Annotator "RR"]
[PlyCount "49"]
[EventDate "1980.05.23"]
[EventType "team-tourn"]
[EventRounds "6"]
[EventCountry "LAT"]
[SourceTitle "EXT 2020"]
[Source "ChessBase"]
[SourceDate "2019.10.17"]
[SourceVersion "1"]
[SourceVersionDate "2019.10.17"]
[SourceQuality "1"]
[WhiteTeam "Zenit"]
[BlackTeam "Kalev"]
[WhiteTeamCountry "URS"]
[BlackTeamCountry "URS"]

1. Nf3 b6 2. g3 Bb7 3. Bg2 e5 4. O-O $1 (4. d3) 4... e4 5. Nd4 c5 6. Nb3 d5 7.
d3 Nf6 8. dxe4 Nxe4 9. c4 dxc4 10. N3d2 Nd6 11. e4 (11. Bxb7 $143 Nxb7 12. Nxc4
Qxd1 13. Rxd1 b5 14. Ne3) 11... Nb5 12. Nxc4 Qxd1 13. Rxd1 $32 Nc6 {[%csl Gd4]}
14. Nc3 Ncd4 (14... Nbd4 $142 15. Bf4) 15. Nxb5 Nxb5 16. Be3 Nc7 17. a4 Rd8 $6
18. Rxd8+ Kxd8 19. a5 $36 b5 $2 20. Rd1+ Ke8 21. Ne5 Bc8 22. Nc6 Bd7 23. e5 Na6
24. e6 fxe6 25. Ne5 1-0

[Event "FIDE World Cup"]
[Site "Baku"]
[Date "2015.09.29"]
[Round "6.5"]
[White "Eljanov, Pavel"]
[Black "Karjakin, Sergey"]
[Result "0-1"]
[WhiteElo "2717"]
[BlackElo "2762"]
[Annotator "Ramirez Alvarez,A"]
[PlyCount "130"]
[EventDate "2015.09.11"]
[EventType "k.o."]
[EventRounds "7"]
[EventCountry "AZE"]
[SourceTitle "CBM 169"]
[Source "ChessBase"]
[SourceDate "2015.11.10"]
[SourceVersion "1"]
[SourceVersionDate "2015.11.10"]
[SourceQuality "1"]

1. Nf3 Nf6 2. g3 c5 3. Bg2 Nc6 4. O-O e5 5. e4 Be7 6. Nc3 d6 7. d3 O-O 8. a4
Nb4 9. h3 Re8 10. Re1 Bd7 11. Nd2 Bc6 12. Nc4 Bf8 13. Bg5 h6 14. Bxf6 Qxf6 15.
Na5 Bd7 16. Nb5 Qd8 17. Nc4 Be6 18. c3 Nc6 19. Ne3 a6 20. Na3 Rb8 21. Nd5 Ne7
22. Nc4 b5 23. axb5 axb5 24. Nce3 Nxd5 25. Nxd5 g6 26. Ra7 Bxd5 27. exd5 Qb6
28. Qa1 c4 29. dxc4 bxc4 30. Re2 Rb7 31. Ra6 Qb3 32. g4 Rb6 33. Ra5 Rb7 34. Be4
Qb6 35. Ra6 Qd8 36. Qa4 Qb8 37. Kg2 Rd8 38. Qxc4 Rxb2 39. Rxb2 Qxb2 40. Ra7 Qb6
41. Rc7 {Eljanov is on the offensive in this position with opposite colored
bishops. His position is certainly better as he is more active.} Bg7 42. h4 $2
(42. Qc6 $1 {makes Black's position very uncomfortable. For example:} Qb8 (
42... Qxc6 43. dxc6 d5 44. Rb7 $1 {looks almost winning for White.}) 43. Rb7
Qc8 44. c4 $1 $16 {with domination. c5 is a threat, forcing a passed pawn.})
42... Bf6 43. h5 $2 {Completely missing his opponent's ideas. This move simply
gifts the game away.} Bh4 {Oops. f2 cannot be defended. The game is over, the
queen on c4 is overloaded.} 44. Kh3 Qxf2 $6 (44... Bxf2 {is even stronger, but
taking with the queen is certainly tempting.}) 45. Qd3 gxh5 46. gxh5 Bg5 47.
Qg3 Qf1+ 48. Qg2 Qf4 49. Qg4 Qe3+ 50. Kg2 (50. Qf3 Qxf3+ 51. Bxf3 f5 {looks
bad, but what else?}) 50... Rb8 51. Rc8+ Rxc8 52. Qxc8+ Kg7 {White's king is
too weak. Eljanov simply cannot hold on to his position here.} 53. Qc4 Qd2+ 54.
Kh3 Qd1 55. Qd3 Qxh5+ 56. Kg2 Qg4+ 57. Kh1 Bh4 58. Bf5 Qg5 59. Qf3 Be1 60. Bc2
Bd2 61. c4 Qh4+ 62. Kg2 Qxc4 63. Qf5 Qxd5+ 64. Be4 Qe6 65. Qh7+ Kf8 0-1

[Event "FIDE World Cup"]
[Site "Baku"]
[Date "2015.09.29"]
[Round "6.3"]
[White "Eljanov, Pavel"]
[Black "Karjakin, Sergey"]
[Result "1-0"]
[WhiteElo "2717"]
[BlackElo "2762"]
[Annotator "Ramirez Alvarez,A"]
[PlyCount "79"]
[EventDate "2015.09.11"]
[EventType "k.o."]
[EventRounds "7"]
[EventCountry "AZE"]
[SourceTitle "CBM 169"]
[Source "ChessBase"]
[SourceDate "2015.11.10"]
[SourceVersion "1"]
[SourceVersionDate "2015.11.10"]
[SourceQuality "1"]

1. Nf3 Nf6 2. g3 c5 3. Bg2 Nc6 4. O-O e5 5. e4 (5. c4 d5 {leads to Maroczy
type of positions}) 5... Be7 6. Nc3 d6 7. d3 O-O 8. a4 Nb4 {Even though it is
hard to get rid of the knight here, I wonder what exactly it is doing on this
square. I liked it better on c6, where it can go to d4 later.} 9. Nd2 $1 h6 10.
Nc4 Bg4 11. Qd2 {Avoiding the subtle weakness of f3.} Bd7 12. Nd1 Re8 13. Nde3
Bf8 14. c3 Nc6 15. f4 exf4 16. gxf4 {White's position is rather nice. He
controls more center and his plan is more obvious - an important asset in a 25
minute game!} Be6 17. Qf2 Bxc4 18. Nxc4 d5 19. exd5 Nxd5 {Black is making some
progress by simplifying the center and getting some pressure on the e-file.
However now Eljanov has the pair of bishops in an open position, the g2 bishop
might be particularly powerful in the future.} 20. Bd2 Nf6 21. Qf3 Na5 22. Ne5
Qb6 23. Rab1 Rad8 24. Kh1 Qb3 $6 25. Be1 Qxa4 $6 {Shameless pawn grabbing, but
this was not the time to do it.} 26. Bh4 $1 Rd6 27. Ra1 $1 {Black's pieces in
the queenside are rather awkward. Eljanov immediately exploits this.} Qb5 28.
c4 Qa6 29. d4 $1 Rxd4 (29... cxd4 30. b4 $18) 30. Qc3 $1 (30. Bxf6 gxf6 31.
Rxa5 $1 (31. Qg3+ Bg7 32. Rg1 fxe5 {lets the queen back into the game via the
6th rank.}) 31... Qxa5 32. Qg3+ Bg7 33. Rg1 $1 {was also decisive.}) 30... Ne4
(30... b6 31. Bxf6 gxf6 32. Qg3+ Bg7 33. Rg1 {is a much easier to calculate
version of the above}) 31. Qxa5 Qxa5 32. Rxa5 Nd2 33. Rd1 {White's basically
up a piece.} Bd6 34. Bf2 Bxe5 35. fxe5 Nxc4 36. Bxd4 Nxa5 37. Bc3 Nc4 38. e6
Rxe6 39. Rd8+ Kh7 40. Bd5 1-0

[Event "Olympiad-30"]
[Site "Manila"]
[Date "1992.06.11"]
[Round "4.3"]
[White "Ricardi, Pablo"]
[Black "Ye, Rongguang"]
[Result "1-0"]
[WhiteElo "2465"]
[BlackElo "2515"]
[Annotator "Rogers,I"]
[PlyCount "45"]
[EventDate "1992.06.08"]
[EventType "team-swiss"]
[EventRounds "14"]
[EventCountry "PHI"]
[SourceTitle "TD"]
[Source "ChessBase"]
[SourceDate "1994.03.01"]
[SourceVersion "1"]
[SourceVersionDate "1994.03.01"]
[SourceQuality "1"]
[WhiteTeam "Argentina"]
[BlackTeam "China"]
[WhiteTeamCountry "ARG"]
[BlackTeamCountry "CHN"]

1. Nf3 f5 2. e4 $5 fxe4 3. Ng5 d5 4. d3 Qd6 $5 5. Nc3 $1 {White is well versed
in the intricacies of this unusual gambit.} ({Black was hoping for} 5. dxe4 h6
$1 6. Nf3 dxe4 {with advantage}) 5... e3 ({but now White is ready to meet} 5...
h6 {with} 6. Nb5 $1 Qc6 7. dxe4 hxg5 8. exd5 {with a very nasty attack.}) 6.
Bxe3 c6 7. d4 e5 8. dxe5 Qxe5 9. Qh5+ g6 10. Qe2 Bg7 11. O-O-O Nh6 {Given one
more move Black would castle into safety, but White finds an incredible way to
keep his opponent off balance.} 12. Rxd5 $3 cxd5 13. f4 Qf5 (13... Qe7 14. Nxd5
{is worse, as Black's queen must leave the e file in any case.}) 14. Bc5+ Be5
$1 15. g3 $3 {Without this move White's attack would be doomed to failure but
now the threat of 16.Bh3 is devastating.} Kd8 16. Bh3 Ng4 ({On} 16... Bxf4+ 17.
Kb1 $1 Qxg5 18. gxf4 {leaves Black helpless.}) 17. Bxg4 Bxf4+ (17... Qxg4 18.
Qxe5 {is just as bad.}) 18. gxf4 Qxf4+ 19. Kb1 Qxg5 20. Bxc8 Kxc8 21. Qe6+ Nd7
22. Nxd5 Qd8 23. Ne7+ {A crushing defeat for China's only Grandmaster.} 1-0

[Event "Tata Steel-A 79th"]
[Site "Wijk aan Zee"]
[Date "2017.01.14"]
[Round "1"]
[White "Eljanov, Pavel"]
[Black "Rapport, Richard"]
[Result "1-0"]
[WhiteElo "2755"]
[BlackElo "2702"]
[Annotator "Schroeder,J"]
[PlyCount "81"]
[EventDate "2017.01.14"]
[EventType "tourn"]
[EventRounds "13"]
[EventCountry "NED"]
[EventCategory "21"]
[SourceTitle "CBM 177"]
[Source "ChessBase"]
[SourceDate "2017.03.16"]
[SourceVersion "1"]
[SourceVersionDate "2017.03.16"]
[SourceQuality "1"]

1. Nf3 e6 2. g3 c5 {Eine seltene Zugfolge, solch eine Stellung ist auf
Topniveau in den letzten Jahren nie entstanden!} 3. Bg2 Nc6 4. c4 g5 $5 {
Typisch Rapport. Allerdings hatte er schon einmal die gleiche Stellung im
Jahre 2014 auf dem Brett. Kurioserweie folge Eljanov dieser Partie bis zum 12.
Zug, obwohl Weiß überhaupt nichts aus der Eröffnung holen konnte.} 5. d3 $6
{Vielleicht etwas zu harmlos. Weiß muss aggressiver zu Werke gehen, wenn er
Schwarz für sein riskantes Spiel bestrafen will.} (5. Nc3 $5 Bg7 6. e3 $1 {
[%cal Yd2d4] Ich denke, dass Schwarz hier seriöse Eröffnungsprobleme hat.
Das Problem liegt darin, dass der Springer auf f3 den Bauern g5 angreift,
weswegen Schwarz nicht seinen Springer von g8 entwickeln kann. Deswegen muss
er weitere Zeit, z.B. mit ...h6 oder ...g4, verlieren.} h6 (6... g4 7. Nh4 {
Das hindert Weiß aber nicht daran, d4 zu spielen. Er kann ruhig einen Bauern
opfern.}) (6... d6 7. d4) 7. d4 d6 (7... g4 $2 8. Nh4 cxd4 9. exd4 Nxd4 10. Be3
$18) 8. O-O Nge7 (8... Nf6 $5 {[%csl Rf6]} 9. b3 $16) 9. dxc5 dxc5 10. Qe2 $14
{[%cal Yh2h4,Yf3d2,Yd2e4]} (10. Qxd8+ Kxd8 $1 (10... Nxd8 11. Ne4 $14 {[%csl
Rc5,Rd6]}) 11. Rd1+)) 5... h6 6. Nc3 Bg7 7. h4 g4 8. Nd2 d6 9. e3 f5 10. Nb3
Nge7 11. d4 b6 $1 (11... O-O {Dieses temporäre Bauernopfer hält der Computer
für noch besser, für einen Menschen ist das aber alles andere als klar.
Insofern ist ...b6 aus praktischer Sicht sicherlich vorzuziehen.} 12. dxc5 dxc5
13. Qxd8 Rxd8 14. Nxc5 Ne5 15. Nb5 {Mit der Drohung Sc7 und Sxe6} Kf7 $1 16.
O-O Nxc4 $13) 12. O-O (12. d5 Bxc3+ 13. bxc3 Ne5 14. e4 fxe4 15. Bxe4 exd5 16.
cxd5 Bf5 17. Qe2 Qd7 18. Bf4 Bxe4 19. Qxe4 Nf3+ 20. Kf1 Qf5 21. Qxf5 Nxf5 22.
Nd2 Nxd2+ 23. Bxd2 h5 24. Kg2 Kd7 25. Rhe1 Rhe8 26. Bg5 b5 27. f3 gxf3+ 28.
Kxf3 Rf8 29. Kg2 b4 30. cxb4 cxb4 31. Re4 a5 32. Rae1 Rf7 33. R1e2 Rc8 34. Kh2
Rc5 35. a3 bxa3 36. Ra4 Rxd5 37. Rxa3 Nd4 38. Rea2 Nc6 39. Bf4 Re7 40. Kh3 Re4
41. Kg2 Ke6 42. Rf2 a4 43. Bg5 Rf5 44. Rc2 Rc5 45. Rf2 Ne5 46. Rf6+ Kd7 47. Ra2
Rec4 48. Kh3 Nd3 49. Rf3 Ne5 50. Rf6 Nd3 51. Rf3 Rd5 52. Rf7+ Kc6 53. Rh7 Ra5
54. Rxh5 a3 55. Rh8 Nb4 56. Ra1 a2 57. Bf6 d5 58. h5 d4 {1/2-1/2 (58)
Abramovic,B (2443)-Rapport,R (2701) Paracin 2014}) 12... O-O {Ich denke, dass
die Eröffnungsphase sehr gut für Schwarz gelaufen ist. Obwohl Rapport die
Eröffnung recht riskant behandelt hat und früh seine Bauern vorschob, ist
seine Stellung nun solide und ohne große Angriffsziele. Des Weiteren übt
Schwarz unangenehmen Druck auf den Bauern d4 aus. Es ist nicht ganz einfach
und offensichtlich für Weiß eine überzeugende Aufstellung zu finden. Dem
Läufer auf c1 fehlt es auch an jeglicher Perspektive, sodass es nicht
verwundert, dass Schwarz nach ein paar Zügen schon in Vorteil kam.} 13. Qe2 $5
{[%cal Yf1d1]} e5 $5 {Ein aggressiver Zug, aber sicherlich nicht der einzige.}
(13... cxd4 $2 {Der Bauer darf natürlich nicht genommen werden.} 14. exd4 Nxd4
$4 15. Nxd4 Bxd4 16. Bxa8 $18) (13... Bb7 14. Rd1 Qb8 $5 {Damit Sb5 nicht mit
Tempo kommt. Eine sehr solide Alternative, die Initiative liegt bei Schwarz} (
14... Qc7 {Wenn Schwarz jetzt noch zu ...a6 kommt, haben die weißen Figuren
gar keine Perspektive mehr. Weiß muss jetzt handeln.} 15. Nb5 $5 Qb8 16. e4 $1
{Solche Ideen findet der PC leicht. Für einen Menschen ist dieses Chaos nicht
zu überblicken. Trotzdem scheint es so, als ob Schwarz gut steht.} (16. dxc5
$6 dxc5 17. e4 (17. Nd6 $6 Rd8 18. Nxb7 Rxd1+ 19. Qxd1 Qxb7 $15 {[%csl Ya1,Yc1]
[%cal Ga8d8]}) 17... Ne5 18. Nd6 {Fast der einzige Zug in der Stellung. Weiß
muss schnell den sehr starken Läufer auf b7 beseitigen.} (18. Bf4 $2 N7g6 $17)
18... Bc6 $1 {[%csl Gc6]} 19. Bf4 N7g6 20. Bxe5 (20. exf5) 20... Nxe5 21. exf5
Bxg2 22. Kxg2 Rxf5 $1 $15 {[%csl Rg2]}) 16... a6 $1 17. Nxd6 (17. dxc5 axb5 18.
cxb5 Ne5 19. Rxd6 fxe4 $13 {Ich kann diese Stellung nicht genau einschätzen.
Wenn man sich noch ein bisschen mit ihr beschäftigt, scheint es aber mehr als
in Ordnung für Schwarz zu sein.}) (17. exf5 $6 axb5 18. Bxh6 Bxh6 19. Qxe6+
Kg7 20. cxb5 Bc8 $17) 17... Qxd6 18. Bf4 Qd7 19. dxc5 Qc8 20. Bd6 $13 {
Volkommen unklare Stellung. Aus rein praktischer Sicht erscheint ...Db8 viel
einfacher.}) 15. d5 $6 (15. Nb5 a6 $15) 15... Ne5 $1 $15) 14. Rd1 {Obwohl
Eljanov an diesem Zug über 6 Minuten überlegte, sehe ich keine seriöse
Alternative. Aber vermutlich realisierte er schon, dass er zumindest in
praktischen Schwierigkeiten ist.} cxd4 $1 15. Nd5 $5 {Aus praktischer Sicht
eine sehr interessante Wahl, auch wenn Stockfish eine andere Meinung hat.} (15.
exd4 {ist die logische Alternative, aber vermutlich fürchtete Eljanov sich
vor dem gefährlich anmutenden} f4 $1 {[%cal Yf4f3]} (15... e4 $13 {[%csl Rf4]
[%cal Yd6d5,Yc8a6,Ye7g6] ist unmenschlich, aber vielleicht auch spielbar}) 16.
Be4 {sieht am logischsten aus, allerdings droht Weiß auch nichts.} (16. Bxc6
$2 Nxc6 17. Qe4 fxg3 $1 18. fxg3 (18. Qxc6 $2 gxf2+ 19. Kf1 g3 $19) 18... Rf3
$1 19. Kg2 (19. Qxc6 $2 Rxg3+ 20. Kf1 Qxh4 $19 {Weiß wird mattgesetzt}) 19...
Qe8 $19 {[%cal Yc8f5]}) 16... Bf5 $1 (16... fxg3 17. fxg3) 17. dxe5 (17. d5 f3
18. Qd3 Nb4 19. Qb1 a5 {Für den Computer ausgeglichen, für den Menschen
allerdings nicht. Ich hätte hier große Angst mit Weiß mattgesetzt zu werden.
Irgendwann fliegt eine Figur (Läufer oder Springer) auf h4 rein.} (19... Na6
$5)) 17... fxg3 $1 18. fxg3 Bxe4 $1 (18... Nxe5 $5 19. Bxa8 Qxa8 20. Nd4 $13)
19. Rxd6 (19. Qxe4 Nxe5 20. Bf4 Qe8 $15) (19. Nxe4 $2 Nxe5 20. Nxd6 N7g6 $17 {
[%csl Rg1]}) 19... Bf3 (19... Qc7 20. Nxe4 Nxe5 21. Nd4 Nf3+ 22. Nxf3 gxf3 23.
Qd3 Nf5 24. Qd5+ Qf7 25. Nf6+ Bxf6 26. Rxf6 Qxd5 27. Rxf8+ Rxf8 28. cxd5 Nxg3
29. Be3 $11) 20. Rxd8 Bxe2 21. Rxa8 Rxa8 22. Nxe2 Nxe5 {Das Endspiel sollte
Weiß halten können. Allerdings ist es immer noch angenehmer für Schwarz zu
spielen, da Weiß nicht fertig entwickelt ist.}) 15... d3 $2 {Dieser Zug und
die damit verbundene Idee ist aus strategischer Sicht hochriskant. Schwarz
schwächt viele wichtige Felder. Schach ist aber ein so kompliziertes Spiel,
dass man auch so spielen kann. Trotzdem hatte Schwarz mehrere bessere Optionen}
(15... e4 {wäre für mich der logische Zug gewesen, ist aber wohl kein Deut
besser als der Partiezug, wahrscheinlich sogar schlechter.} 16. Nxd4 Nxd4 17.
Nxe7+ Qxe7 18. exd4 Ba6 {sieht auf den ersten Blick OK aus. Schwarz hat einen
klaren Plan (...d5 ...Tac8 und dann Druck auf c4). Weiß kann das aber recht
problemlos parieren und dann die furchtbare Struktur des Schwarzen ausnutzen.}
19. b3 $1 d5 20. Be3 $1 {[%csl Gd4]} Rac8 21. Rac1 Rfd8 (21... Qe6 22. Bf1 $16
{[%cal Ye2d2,Yc4d5]}) 22. Bf1) (15... Ba6 $3 {war der Zug, der Rapport eine
sehr gute Position verschafft hätte. Allerdings ist solch ein Zug sehr schwer
zu sehen und einzuschätzen, sogar für ein Rechengenie wie Rapport.} 16. Nxe7+
(16. exd4 e4 {[%cal Ra6e2]} 17. Nf4 d5 $17) 16... Nxe7 17. Bxa8 (17. exd4 e4
$17) 17... Qxa8 18. exd4 Qc6 $5 $17 {Schwarz hat riesige Komnpensation hier.
Langfristig kann er sogar einen Angriff starten} 19. d5 (19. dxe5 $4 Bb7 $19)
19... Qa4 $5 (19... Qc7 $5 20. Be3 f4 21. gxf4 exf4) (19... Qxc4 20. Qxc4 Bxc4
21. Be3 Be2 22. Rd2 Bf3 $15)) 16. Qxd3 e4 {Direkt gespielt, war also
offensichtlich die Idee des Schwarzen.} 17. Nxe7+ Nxe7 18. Qc2 $5 {Ein Zug,
der mir sehr gut gefällt. Anstatt den Bauern wegzunehmen und im Endspiel mit
Mehrbauer Gegenspiel zuzulassen, entscheidet sich Eljanov dafür, die
Kontrolle zu behalten.} (18. Qxd6 Qxd6 19. Rxd6 Be5 20. Rd1 (20. Rd2 $5 {
[%cal Yg2f1,Yd2c2]}) 20... Be6 21. Nd4 $1 (21. Bf1 Rac8 $11) 21... Bxc4 22. b3
Ba6 (22... Bd3 {erlaubt Txd3-Ideen, das muss nicht zugelassen werden.}) 23. Ba3
Kf7 {Weiß steht auch hier etwas besser, aber es ist noch ein langer Weg zum
Sieg.}) 18... Ba6 $6 {Schwarz steht strategisch schlechter und muss schnell
Gegenspiel anstreben. Rapport hoffte vielleicht Druck gegen c4 ausüben zu
können, das funktionierte in der Partie aber nicht. Allerdings ist es auch
nicht einfach für Schwarz eine überzeugende Aufstellung zu finden} (18... Nc6
$5 19. Bd2 $1 (19. Nd4 Ne5 20. Bd2) 19... Qe7 20. Bc3 Ne5 21. Nd4 Be6 $14) 19.
Nd4 {[%cal Yd4e6]} Qd7 20. b3 {[%csl Gc4]} Nc6 21. Bb2 Ne5 22. Ne2 $1 {Weiß
will den Springer nach f4 überführen und dann die Türme verdoppeln. Die
schwarze Stellung ist jetzt schon extrem unangenehm. Rapport versucht mit
seinem nächsten Zug den weißen Idealaufbau zu verhindern.} Nd3 $5 (22... Rac8
23. Rd2 b5 $5 24. Rad1 $1 (24. Qd1 $5) 24... bxc4 25. Rxd6 Qb7 26. Qd2 cxb3 27.
axb3 Bxe2 28. Qxe2 Qxb3 29. Bxe5 Bxe5 30. Rxh6 {[%csl Rg8]}) 23. Bxg7 Qxg7 24.
Nd4 $1 {Eine sehr schöne Idee. Weiß will einfach den Springer mit seinem
Turm beseitigen und wird danach eine positionelle Traumstellung erhalten.} (24.
Rxd3 $4 exd3 25. Qxd3 Qxa1+ $19) 24... Rae8 (24... Ne5 $2 25. Ne6) 25. Rxd3 $1
exd3 26. Qxd3 $16 {Aus praktischer Sicht ist diese Stellung wahrscheinlich
schon verloren.} Bb7 27. Bxb7 Qxb7 28. Ne2 {Obwohl Stockfish in seiner
materialistischen Manier hier Sb5 ziehen wollte, spielt Weiß diese Phase
exzellent. Er nimmt eine solide Aufstellung ein, um Schwarz kein Gegenspiel zu
ermöglichen.} Rf6 (28... Qe4 $5 29. Qxd6 Qe5 30. Qd1 $1 $16 {[%cal Ye2d4,
Ya1c1,Yd1c2,Yc1d1]} (30. Qxe5 Rxe5 31. Rd1 b5 {ist auch ein furchtbares
Endspiel, aber Schwarz hat definitiv noch Chancen, sich zu halten.})) 29. Nf4
Qe4 30. Qd2 Rc8 31. a4 {Wieder ein schöner prophylaktischer Zug, ...b5 soll
für immer aus der Stellung genommen werden.} Rc5 32. Rd1 Qf3 $6 {Der
Verlustzug. Schwarz landet nun forciert in einem verlorenen Endspiel.} (32...
Rc8 {Schwarz kann hier nichts tun außer weiter abzuwarten.} 33. Nh5 Re6 34. a5
$5 Rc5 35. Nf4 Rf6 36. axb6 axb6 37. Qc3 Rf7 38. Ng6 $18) (32... Qe8 $5 {
Weiß sollte versuchen, seinen Turm nach d4 und den Springer nach d5 zu
Überführen. Allerdings ist es hier noch nicht offensichtlich, wie Weiß
gewinnen soll.} 33. Qc3 Qe5 $16) 33. Nd5 Rf7 34. Qc2 $1 {[%cal Yd1d4,Yd4f4]} a6
$6 (34... Qe4 {Der einzige Zug, um den drohenden Damenverlust zu vermeiden.}
35. Qxe4 fxe4 36. Rd4 h5 37. Rxe4 Kg7 38. Re6 Rd7 (38... a6 39. Rxd6 b5 40.
axb5 axb5 41. Nf4 $18) 39. Kf1 {Weiß hat volle Kontrolle und wird diese
Stellung gewinnen.}) 35. Nxb6 (35. Rd4 {war auch möglich, mit Damengewinn.})
35... Qe4 36. Qc3 Qe5 37. Rd4 a5 38. Qd3 Rc6 39. Nd5 Kg7 40. Nc3 Rf6 41. Rd5 {
Eine wirklich tolle und interessante Partie beider Spieler. Während Eljanov
die Eröffnung nicht allzu genau spielte und sein Zug 15.Sd5 zumindest aus
objektiver Sicht fragwürdig war, spielte er danach eine perfekte Partie und
zeigte eine tolle technische Leistung. Aus ästhetischer Sicht war 25.Txd3
sicherlich das Highlight der Partie. Rapport hingegen zeigte wie so häufig
kreatives Schach, fand sich aber, nachdem er 15...La6 verpasst hatte, in einer
äußerst unangenehmen Lage wieder. Allerdings darf man gespannt sein, welch
kreative Ideen und taktischen Finessen er noch in den folgenden 12 Runden
zeigen wird.} 1-0

[Event "Horgen"]
[Site "Horgen"]
[Date "1995.10.30"]
[Round "9"]
[White "Vaganian, Rafael A"]
[Black "Ehlvest, Jaan"]
[Result "1/2-1/2"]
[WhiteElo "2645"]
[BlackElo "2630"]
[Annotator "Tischbierek,R"]
[PlyCount "115"]
[EventDate "1995.10.??"]
[EventType "tourn"]
[EventRounds "11"]
[EventCountry "SUI"]
[EventCategory "17"]
[SourceTitle "CBM 050"]
[Source "ChessBase"]
[SourceDate "1996.02.01"]
[SourceVersion "1"]
[SourceVersionDate "1996.02.01"]
[SourceQuality "1"]

1. Nf3 f5 2. g3 Nf6 3. Bg2 g6 4. b4 Bg7 5. Bb2 d6 6. c4 O-O 7. O-O e5 8. d3 Nc6
9. b5 Ne7 10. c5 Kh8 11. Nbd2 Be6 12. a4 h6 13. Rc1 g5 14. Nc4 f4 15. Nfd2 Rb8
16. cxd6 cxd6 17. d4 fxg3 $2 $138 (17... e4) 18. hxg3 e4 19. d5 $1 $16 Bxd5 20.
Ne3 Qb6 21. Bxf6 Rxf6 22. Nxd5 Nxd5 23. Nxe4 Rf5 24. a5 Qd8 25. Qd2 (25. Nxd6
Qxd6 26. e4) 25... Qe7 26. Rc4 (26. Nxd6 Qxd6 27. e4) 26... Rd8 27. Rfc1 Nf6
28. Rc8 Nxe4 29. Bxe4 Rff8 30. Rxd8 Rxd8 31. Qd5 b6 32. Qf5 Bd4 33. Qg6 (33.
axb6 axb6 34. Rc6) (33. Rc8 $5 Rxc8 34. Qxc8+ Kg7 35. a6) 33... Qg7 34. Qxg7+
Bxg7 35. a6 $2 (35. Rc7 bxa5 (35... d5 36. Bd3 Ra8 37. a6 $18) 36. Rxa7 $18)
35... d5 36. Bd3 Be5 37. Rc6 Bd6 $10 38. e3 Kg7 39. f4 Kf6 40. Kf2 Ke7 41. Kf3
Rf8 42. Kg4 gxf4 43. exf4 Rg8+ 44. Kh4 Rd8 45. Kh5 Rg8 46. Bg6 d4 47. Rc4 (47.
Kxh6 d3) 47... Kf6 48. Rc6 Ke7 49. f5 Rf8 50. Kg4 d3 51. Rc3 d2 52. Rd3 Bb4 53.
Kf4 Rc8 54. Bh5 Rc4+ 55. Ke5 Rc5+ 56. Rd5 Bc3+ 57. Ke4 Rxd5 58. Kxd5 1/2-1/2